000 00560nam a2200229Ia 4500
003 OSt
005 20220924141956.0
006 a|||||r|||| 00| 0
007 ta
008 220923b |||||||| |||| 00| 0 ben d
024 _a299968
037 _cTextual
040 _aARTS
_cARTS
_bben
041 _2ben
_aben
082 _aU8.1xM61, 157M6
100 _aGhosh
_9104906
245 0 _aBidesh bhramane Rabindranath
260 _c1986
650 _aGEOGRAPHY
942 _hU8.1xM61, 157M6
_cTEXL
_2CC
999 _c448870
_d448870